00000000nam 2200000zi 4500
0019.947324
003CaOODSP
00520250403102726
006m     o  d f      
007cr cn|||||||||
008250123t20252025oncd    obs  f000 0 fre d
040 |aCaOODSP|bfre|erda|cCaOODSP
043 |an-cn---
0861 |aCS36-28-0001/2025-1-3F-PDF
1001 |aQiu, Hanqing, |eauteur.
24510|aMéthodologie mise à jour pour l’estimation des employés interprovinciaux et interterritoriaux / |cpar Hanqing Qiu et Ping Ching Winnie Chan.
264 1|a[Ottawa] : |bStatistique Canada = Statistics Canada, |cle 22 janvier 2025.
264 4|c©2025
300 |a1 ressource en ligne (5 pages) : |bgraphiques.
336 |atexte|btxt|2rdacontent/fre
337 |ainformatique|bc|2rdamedia/fre
338 |aressource en ligne|bcr|2rdacarrier/fre
4901 |aRapports économiques et sociaux, |x2563-8963 ; |vvol. 5, n° 1, janvier 2025
500 |aTitre de la couverture.
500 |aEn tête du titre : Pleins feux sur les données et la recherche.
500 |aPublié aussi en anglais sous le titre : Updated methodology to estimate interjurisdictional employees.
504 |aComprend des références bibliographiques (page 5).
520 |a« Le présent article décrit une méthodologie mise à jour pour estimer les EII et compare les méthodologies antérieure et nouvelle en utilisant les estimations sur les EII de 2002 à 2020. La méthodologie mise à jour permet de s’assurer que le nombre d’EII envoyés par une province ou un territoire donné à toutes les autres circonscriptions et le nombre d’EII reçus de cette province ou de ce territoire par toutes les autres circonscriptions sont identiques » -- Page 1.
650 6|aCanadiens|xTravail|vStatistiques.
650 6|aBureaux|xLocalisation|zCanada|vStatistiques.
655 7|aStatistiques|2rvmgf
7102 |aStatistique Canada, |eorganisme de publication.
77508|tUpdated methodology to estimate interjurisdictional employees / |w(CaOODSP)9.947323
830#0|aRapports économiques et sociaux (Statistique Canada)|vvol. 5, n° 1, janvier 2025.|w(CaOODSP)9.895770
85640|qPDF|s575 Ko|uhttps://publications.gc.ca/collections/collection_2025/statcan/36-28-0001/CS36-28-0001-2025-1-3-fra.pdf
8564 |qHTML|sS.O.|uhttps://www150.statcan.gc.ca/n1/pub/36-28-0001/2025001/article/00003-fra.htm
986 |a36-28-0001